000 00392nam a2200133Ia 4500
008 231221s9999 xx 000 0 und d
041 _aEnglish
082 _aJNEC11-599
100 _aAthavale, Rohit. Tejas, N. Jayashree, H V.
245 0 _aMulti-UART Controller with Programmable Modes of Operation
260 _c2011
650 _aMulti-UART,Controller,Programmable,Modes
942 _cIR
999 _c230572
_d230572